Light as an ecological factor
Saved in:
| Main Authors: | , , |
|---|---|
| Format: | Book |
| Language: | English |
| Published: |
Nueva York
John Wiley
1966
|
| Subjects: | |
| Tags: |
Add Tag
No Tags, Be the first to tag this record!
|
MARC
| LEADER | 00000nam a2200000 a 4500 | ||
|---|---|---|---|
| 001 | UCV5194 | ||
| 003 | CL-VaPUC | ||
| 005 | 20211207074355.0 | ||
| 008 | 920826e19660000us 1 eng d | ||
| 082 | 0 | 4 | |a 577.14 |b BAI |2 21 |
| 100 | 1 | |a Bainbridge, Richard |e author |9 616525 | |
| 700 | 1 | |a Evans, G. Clifford |e author |9 616526 | |
| 700 | 1 | |a Rackham, Oliver |e author |9 616527 | |
| 245 | 1 | 0 | |a Light as an ecological factor |
| 260 | |a Nueva York |b John Wiley |c 1966 | ||
| 300 | |a 452 p | ||
| 583 | |a last modification |c 20190820 05:17:32 |k Rodrigo Vera | ||
| 650 | 0 | 7 | |a FOTOBIOLOGIA |2 CL-VaPUC |9 264926 |
| 650 | 0 | 7 | |a FOTOQUIMICA |2 CL-VaPUC |9 306796 |
| 650 | 0 | 0 | |a Fotosíntesis |9 261610 |
| 650 | 0 | 0 | |a Luz |9 263172 |
| 942 | |c BK | ||
| 945 | |d 19920826 00:00:00 | ||
| 546 | |a En Inglés | ||
| 536 | |a British Ecological Society | ||
| 518 | |p Symposium of the British Ecological Society, 1, Cambridge,30 de marzo al 1 de abril de 1965 | ||
| 999 | |c 381981 |d 381979 | ||
| 952 | |0 0 |1 0 |4 0 |6 577_140000000000000_BAI_1966 |7 0 |8 A |9 503391 |a BIBCUR |b BIBCUR |d 2020-01-23 |i 3194361 |o 577.14 BAI 1966 |p 3194361 |r 2025-04-22 |w 2020-01-23 |y BK |k BCB | ||